| 000 | 00964nam a2200301 i 4500 | ||
|---|---|---|---|
| 003 | EG-GICUC | ||
| 005 | 20260221093450.0 | ||
| 008 | 260221s1962 fr fr|||| 000 0 eng d | ||
| 040 |
_aEG-GiCUC _beng _cEG-GiCUC _dEG-GiCUC _erda |
||
| 041 | 0 | _aeng | |
| 082 | 0 | 4 |
_221 _a341.48 _bMO . E |
| 092 | 0 | 4 | _221 |
| 099 | _aLaw1 11 341.48 MO . E 1962 | ||
| 100 | 1 |
_aModinos, Polys _eAuthor. |
|
| 245 | 1 | 0 |
_aEffects And Repercussions Of The European Convention On Human Rights / _cBy Polys Modinos. |
| 264 | 1 |
_aParis : _bThe International And Comparative, _c1962. |
|
| 300 |
_a423pages, _c24 cm |
||
| 336 |
_2rda content _atext |
||
| 337 |
_2rda media _aComputer |
||
| 338 |
_2rda carrier _aOnline Resource |
||
| 504 | _aIncludes bibliographical references. | ||
| 546 | _aText in English | ||
| 650 | 1 | 4 |
_aPublic international law _2 |
| 651 | 1 | _2 | |
| 856 | 4 | 0 | _uhttps://fll.law.cu.edu.eg/fulltext/bks/B11-08110.pdf |
| 905 | _a48 | ||
| 942 |
_2ddc _cBK _e21 _n0 |
||
| 999 |
_c63941 _d63941 |
||